| 000 | 00647nam a22002057a 4500 | ||
|---|---|---|---|
| 005 | 20170818145246.0 | ||
| 010 | _aENG-119738 | ||
| 020 |
_a9788187134534 _c1250.00 |
||
| 020 |
_a8187134534 _c1250.00 |
||
| 035 | _aEN-103270 | ||
| 037 | _bDBAD/PUB | ||
| 082 | _a576.139 | ||
| 100 | _aPaul, Ajoy | ||
| 245 |
_aTextbook of genetics : _cby Ajoy Paul _bfrom genes to genomes / |
||
| 260 |
_aKolkata _bBooks and Allied _c2012 |
||
| 270 |
_a8/1 Chintamoni Das Lane, _bKolkata _e700009 |
||
| 300 |
_axxiv,1486p. : _c25cm(Hb) _bill.(col.) |
||
| 500 | _aIncludes bibliographical references and index | ||
| 942 |
_2ddc _cEN _h576.139 _mPAU |
||
| 999 |
_c143562 _d143562 |
||